ბათუმის შოთა რუსთაველის სახელმწიფო უნივერსიტეტის ბიბლიოთეკა

История античной эстетики : (ბიბ.ჩანაწერი № 60743)

000 -LEADER
fixed length control field 00624nam a22001697a 4500
005 - DATE AND TIME OF LATEST TRANSACTION
control field 20231018155755.0
008 - FIXED-LENGTH DATA ELEMENTS--GENERAL INFORMATION
fixed length control field 231018s1980 ru ||||| |||| 00| 0 rus d
041 ## - LANGUAGE CODE
Language code of text/sound track or separate title rus
080 ## - UNIVERSAL DECIMAL CLASSIFICATION NUMBER
Universal Decimal Classification number 7.01(37/38) Л-79
100 ## - MAIN ENTRY--PERSONAL NAME
Personal name Лосев А. Ф.
9 (RLIN) 20107
245 ## - TITLE STATEMENT
Title История античной эстетики :
Remainder of title Поздний эллинизм /
Statement of responsibility, etc. А. Ф. Лосев.
264 ## - PRODUCTION, PUBLICATION, DISTRIBUTION, MANUFACTURE, AND COPYRIGHT NOTICE
Place of production, publication, distribution, manufacture М.
Name of producer, publisher, distributor, manufacturer Искусство :
Date of production, publication, distribution, manufacture, or copyright notice 1980.
300 ## - PHYSICAL DESCRIPTION
Extent 765 стр. ;
Other physical details 22 см.
653 ## - INDEX TERM--UNCONTROLLED
keyword უძველესი ესთეტიკის ისტორია.
653 ## - INDEX TERM--UNCONTROLLED
keyword გვიანი ელინიზმი
942 ## - ADDED ENTRY ELEMENTS (KOHA)
Source of classification or shelving scheme
Koha item type წიგნი
ეგზემპლარები
Withdrawn status Lost status Source of classification or shelving scheme Damaged status Not for loan Permanent Location Current Location Shelving location Date acquired Cost, normal purchase price Full call number Barcode Date last seen Copy number Uniform Resource Identifier Price effective from Koha item type Public note
          ბათუმის შოთა რუსთაველის სახელმწიფო უნივერსიტეტის მთავარი ბიბლიოთეკა ბათუმის შოთა რუსთაველის სახელმწიფო უნივერსიტეტის მთავარი ბიბლიოთეკა წიგნსაცავი 2023-10-18 10.00 7.01(37/38) Л-79 65326 2023-10-18 65326 ბსუ-ს საპატიო დოქტორის გურამ ლორთქიფანიძის საჩუქარი 2023-10-18 წიგნი 10 ლ.